Growth of grass carp, Ctenopharyngodon idella., fed on two terrestrial fodder plants
Đã lưu trong:
| Tác giả chính: | |
|---|---|
| Định dạng: | Sách |
| Ngôn ngữ: | Undetermined |
| Được phát hành: |
India
University of Agricultural Sciences
1986
|
| Những chủ đề: | |
| Các nhãn: |
Thêm thẻ
Không có thẻ, Là người đầu tiên thẻ bản ghi này!
|
| Thư viện lưu trữ: | Trung tâm Học liệu Trường Đại học Cần Thơ |
|---|
| LEADER | 00560nam a2200181Ia 4500 | ||
|---|---|---|---|
| 001 | CTU_150625 | ||
| 008 | 210402s9999 xx 000 0 und d | ||
| 082 | |a 639.37482 | ||
| 082 | |b D488 | ||
| 100 | |a Devaraj, K. V. | ||
| 245 | 0 | |a Growth of grass carp, Ctenopharyngodon idella., fed on two terrestrial fodder plants | |
| 245 | 0 | |c K. V. Devaraj | |
| 260 | |a India | ||
| 260 | |b University of Agricultural Sciences | ||
| 260 | |c 1986 | ||
| 650 | |a Fish culture,Nuôi cá | ||
| 904 | |i Trọng Hải | ||
| 980 | |a Trung tâm Học liệu Trường Đại học Cần Thơ | ||